01013cam a2200277 a 45000010008000000030009000080050017000170080041000340100017000750200022000920200022001140400023001360410013001590500024001720820019001961000047002152400052002622450144003142600041004583000036004994400041005355000047005765040041006236500041006647000030007054377574BDDh-ASL20231015025630.0910212s1991 nyua b 000 0 eng  a 91009523  a1563240041 (hard) a156324005X (pbk.) aDLCcDLCdBDDh-ASL1 aenghper00aB753.G33bK413 199100a297.5220bGHA1 aAbu Hamid Muhammad al-Ghazzalid1058-1111.10aKīmiyā-yi saʻādat.kSelections.lEnglish14aThe alchemy of happiness /cAbû Ḥamid Muḥammad al-Ghazzâlî; translated by Claud Field ; revised and annotated by Elton L. Daniel. aArmonk, N.Y. :bM.E. Sharpe,cc1991. axliii, 112 p. :bill. ;c24 cm. 0aSources and studies in world history aTranslations of: Kīmiyā-yi saʻādat. aIncludes bibliographical references. 0aIslamic ethicsxEarly works to 1800.1 aField, Claud,d1863-1941.